[Event "Gaia Profigaia op"]
[Site "Vila Nova de Gaia"]
[Date "2004.07.09"]
[Round "7"]
[White "Pinheiro, Albano Guise"]
[Black "Leshchenko, Sergey"]
[Result "0-1"]
[WhiteElo "2089"]
[BlackElo "2005"]
[PlyCount "98"]
[EventDate "2004.07.03"]
[EventType "swiss"]
[EventRounds "9"]
[EventCountry "POR"]
[SourceTitle "CBM 101 Extra"]
[Source "ChessBase"]
[SourceDate "2004.09.01"]
[SourceVersion "2"]
[SourceVersionDate "2004.09.01"]
[SourceQuality "1"]

1. e4 e5 2. d4 exd4 3. Bc4 d6 4. Nf3 Nc6 5. Nxd4 Nxd4 6. Qxd4 Be6 7. 0-0 Bxc4 8. Qxc4 Qd7 9. Nc3 Nf6 10. Nd5 Nxd5 11. Qxd5 c6 12. Qg5 f6 13. Qg3 0-0-0 14. c4 Qe6 15. Qd3 Be7 16. Be3 Kb8 17. Rfd1 Rhf8 18. Re1 Rd7 19. Rab1 f5 20. exf5 Qxf5 21. Qa3 b6 22. b4 d5 23. cxd5 cxd5 24. Bd4 Bf6 25. Qb2 Bxd4 26. Qxd4 Rc7 27. Rbc1 Rxc1 28. Rxc1 Qf4 29. Rd1 Qxd4 30. Rxd4 Rd8 31. Kf1 Kc7 32. Ke2 Kc6 33. Rf4 Rd7 34. Kd3 Kb5 35. g4 Ka4 36. Rd4 g5 37. f4 gxf4 38. Rxf4 b5 39. h4 Ka3 40. g5 Kxa2 41. Kd4 Ka3 42. Kc5 Ka4 43. h5 Rg7 44. Rg4 d4 45. h6 Rg6 46. Rxd4 Rxg5+ 47. Kc6 Rg6+ 48. Kb7 a5 49. bxa5+ Kxa5 0-1